Onion Producing Countries Quiz Stats

Quiz Updated Sep 14, 2016

Also try: Thingamabobs!
Challenge
Share
Tweet
Embed
Score 0/20 Timer 05:00
9 Plays Today
Onion production, in tonnes (2008) Country % Correct
3,349,170United States
98.1%
20,817,295China
95.8%
1,252,441Mexico
90.5%
1,299,815Brazil
88.8%
1,712,500Russia
88.7%
8,178,300India
88.6%
1,165,000Japan
78.2%
1,098,400Spain
74.5%
2,015,200Pakistan
66.4%
2,007,120Turkey
64.8%
Onion production, in tonnes (2008) Country % Correct
1,849,275Iran
64.2%
824,064Indonesia
61.1%
1,728,417Egypt
60.9%
1,035,076South Korea
54.3%
1,049,200Ukraine
52.8%
889,260Bangladesh
40.9%
700,000Algeria
34.5%
740,000Myanmar
30%
1,130,000Netherlands
24.1%
728,000Uzbekistan
19.1%

You're not logged in!

Compare scores with friends on all Sporcle quizzes.
Sign Up with Email
OR
Log In

You Might Also Like...

Show Comments

Extras

Top Quizzes Today


Score Distribution

Your Account Isn't Verified!

In order to create a playlist on Sporcle, you need to verify the email address you used during registration. Go to your Sporcle Settings to finish the process.